000 00607nam a2200217Ia 4500
005 20260115172729.0
008 008 260114s9999 xx 000 0 eng d
020 _a9781839980169
037 _aEBOOK
040 _aCRL
_beng
_cCRL
041 _aeng
_2eng
084 _qCRL
100 _aReznick
_9878059
245 0 _aWar and Peace in the Worlds of Rudolf H. Sauter
260 _bAnthem Press
260 _bCambridge University Press
260 _c2022
856 _uhttps://www.cambridge.org/core/product/identifier/9781839980169/type/BOOK
942 _cEBOOK
999 _c1476664
_d1476664